000 00468nam a2200181Ia 4500
001 19371
005 20260306172648.0
008 260306t2011||||xx |||||||||||||| ||spa||
041 _aESP
082 _a658.848
_bC48
100 _aCerviño, Julio
_eAUT
245 0 _aMarketing internacional:
_bnuevas perspectivas para un mercado globalizado
260 _c2011
300 _a414 páginas :
_c22 cm.
650 _aGEN
654 _aCAN
942 _cLIB
_dJUS
_fJUS
_2ddc
_n
999 _c19371
_d19371